Functional programming

Αποθηκεύτηκε σε:
Λεπτομέρειες βιβλιογραφικής εγγραφής
Κύριοι συγγραφείς: Field, Anthony J., 1960-, Harrison, Peter G., 1951- (Συγγραφέας)
Μορφή: Βιβλίο
Γλώσσα:English
Δημοσίευση: Wokingham, England ; Reading, Mass. : Addison-Wesley, 1989, c1988.
Έκδοση:1η έκδ., ανατύπωση.
Σειρά:International computer science series
Θέματα:
Ετικέτες: Προσθήκη ετικέτας
Δεν υπάρχουν, Καταχωρήστε ετικέτα πρώτοι!

MARC

LEADER 00000cam a2200000 a 4500
001 1/112536
008 161212r19891988enk| ||| |||| ||eng||
020 |a 0201192497  
040 |a GR-MyUa  |b gre  |c GR-MyUa  |e AACR2 
041 0 |a eng 
082 7 |a 005.114   |2 (23)  
100 1 |a Field, Anthony J.,   |d 1960- 
245 1 0 |a Functional programming /   |c Anthony J. Field, Peter G. Harrison.  
250 |a 1η έκδ., ανατύπωση.  
260 |a Wokingham, England ; Reading, Mass. :   |b Addison-Wesley,   |c 1989, c1988.  
300 |a xiv, 602 σ. :   |b σχέδια ;   |c 24 εκ.  
490 1 |a (International computer science series)  
504 |a Βιβλιογραφία: σ. 589-594. Ευρετήριο.  
650 0 |a Functional programming (Computer science) 
700 1 |a Harrison, Peter G.,   |d 1951-  |e aut 
830 0 |a International computer science series 
852 |a INST  |b SAMOS  |e 20161212  |h 005.114 FIE  |p 005300044047  |q 005300044047  |t BK  |y 0 
970 |a Κοσιέρης  |b Χρήστος  |z 12-12-2016